Grand Junction Regional Airport Destinations (Grand Junction, CO, USA) - Statistics

General Stats
  • This quiz has been taken 60 times
    24 since last reset
  • The average score is 5 of 6
Answer Stats
Airline Destination % Correct
United Airlines/United Express Denver
100%
American Eagle Dallas/Fort Worth
95%
American Eagle Phoenix (Sky Harbor)
95%
Delta Connection Salt Lake City
90%
Breeze Airways Las Vegas
71%
Breeze Airways Orange County
43%
No matching quizzes found
Score Distribution
Percent of People with Each Score
Percentile by Number Answered
Your Score History
You have not taken this quiz since the last reset